000 00743nam a22002537a 4500
001 BR8900583
003 BR-BrBNA
005 20230928093135.0
007 ta
008 230509b bl.||||| |||| 00| 0 por d
040 _aBR-BrBNA
_bpor
_cBiblioteca Nacional de Agricultura
041 _a(Por)
072 _aE14
_b/G514
090 _ E14 BR8900583
110 1 _aSecretaria de Agricultura e Producao, Brasilia, DF (Brasil)
_98663
245 1 _aPolitica de desenvolvimento agricola do Distrito Federal
260 3 _aBrasilia, DF (Brasil):
_c1985.
300 _a25 p.
650 _aPOLITICA DE DESENVOLVIMENTO
650 _aDESENVOLVIMENTO AGRICOLA
650 _aDISTRITO FEDERAL
909 _a202309
_bLucia
_c55
_dLucia Elande
942 _cBK
999 _c43222
_d43222